Phân hủy 2,4,6-Trinitrotoluen (TNT) trong chất thải rắn bằng sắt kim lọai /
Bewaard in:
| Hoofdauteur: | |
|---|---|
| Formaat: | Artikel |
| Taal: | Vietnamese |
| Onderwerpen: | |
| Tags: |
Voeg label toe
Geen labels, Wees de eerste die dit record labelt!
|
| Thư viện lưu trữ: | Thư viện Trường Đại học Đà Lạt |
|---|
| LEADER | 00800nam a2200265 4500 | ||
|---|---|---|---|
| 001 | DLU110119691 | ||
| 005 | ##20110414 | ||
| 040 | # | # | |a DLU |b vie |
| 041 | # | # | |a vie |
| 044 | # | # | |a vn |
| 100 | # | # | |a Phạm Mạnh Thảo. |
| 245 | # | # | |a Phân hủy 2,4,6-Trinitrotoluen (TNT) trong chất thải rắn bằng sắt kim lọai / |c Phạm Mạnh Thảo. |
| 653 | # | # | |a Ô nhiễm môi trường |
| 653 | # | # | |a Chất thải rắn |
| 653 | # | # | |a Kim Loại |
| 773 | # | # | |t Tạp chí Hóa học |g Số 2(46), 2008, tr. 217-223 |
| 920 | # | # | |a Phòng Tạp chí -- Trung tâm Thông tin - Thư viện Trường Đại học Đà Lạt |
| 994 | # | # | |a DLU |
| 900 | # | # | |a True |
| 911 | # | # | |a Nguyễn Thị Linh Chi |
| 925 | # | # | |a G |
| 926 | # | # | |a A |
| 927 | # | # | |a BB |
| 980 | # | # | |a Thư viện Trường Đại học Đà Lạt |